<?xml version="1.0" encoding="UTF-8"?>
<record
    xmlns:xsi="http://www.w3.org/2001/XMLSchema-instance"
    xsi:schemaLocation="http://www.loc.gov/MARC21/slim http://www.loc.gov/standards/marcxml/schema/MARC21slim.xsd"
    xmlns="http://www.loc.gov/MARC21/slim">

  <leader>00973nam a2200241 a 4500</leader>
  <controlfield tag="001">BRCA_14</controlfield>
  <controlfield tag="005">20190320202838.0</controlfield>
  <controlfield tag="008">960117s1995    mx-a---##b---#000-0#spa-#</controlfield>
  <datafield tag="040" ind1=" " ind2=" ">
    <subfield code="a">DLC</subfield>
    <subfield code="c">DLC</subfield>
    <subfield code="d">DLC</subfield>
  </datafield>
  <datafield tag="050" ind1=" " ind2="4">
    <subfield code="a">NE1114</subfield>
    <subfield code="b">.I47 1995</subfield>
  </datafield>
  <datafield tag="245" ind1="1" ind2="0">
    <subfield code="a">Imprentas, ediciones y grabados de M&#xE9;xico barroco</subfield>
    <subfield code="c">Museo Amparo, Puebla, Pue.</subfield>
  </datafield>
  <datafield tag="260" ind1=" " ind2=" ">
    <subfield code="a">M&#xE9;xico</subfield>
    <subfield code="b">Backal</subfield>
    <subfield code="c">1995</subfield>
  </datafield>
  <datafield tag="300" ind1=" " ind2=" ">
    <subfield code="a">258 p.</subfield>
    <subfield code="b">il. (algunas a color), mapas (1 doblado)</subfield>
    <subfield code="c">27 cm.</subfield>
  </datafield>
  <datafield tag="500" ind1=" " ind2=" ">
    <subfield code="a">Incluye n&#xF3;mina de impresores y n&#xF3;mina de grabadores de los siglos XVII, XVIII y XIX</subfield>
  </datafield>
  <datafield tag="500" ind1=" " ind2=" ">
    <subfield code="a">Incluye &#xED;ndice de ilustraciones</subfield>
  </datafield>
  <datafield tag="650" ind1="1" ind2="4">
    <subfield code="a">Libros</subfield>
    <subfield code="v">Exposiciones</subfield>
    <subfield code="x">Historia</subfield>
    <subfield code="y">Siglo XVII</subfield>
    <subfield code="z">M&#xE9;xico</subfield>
    <subfield code="9">69</subfield>
  </datafield>
  <datafield tag="650" ind1="1" ind2="4">
    <subfield code="a">Libros</subfield>
    <subfield code="v">Exposiciones</subfield>
    <subfield code="x">Historia</subfield>
    <subfield code="y">Siglo XVIII</subfield>
    <subfield code="z">M&#xE9;xico</subfield>
    <subfield code="9">70</subfield>
  </datafield>
  <datafield tag="650" ind1="1" ind2="4">
    <subfield code="a">Grabado mexicano</subfield>
    <subfield code="v">Exposiciones</subfield>
    <subfield code="y">Siglo XVII</subfield>
    <subfield code="9">71</subfield>
  </datafield>
  <datafield tag="650" ind1="1" ind2="4">
    <subfield code="a">Grabado mexicano</subfield>
    <subfield code="v">Exposiciones</subfield>
    <subfield code="y">Siglo XVIII</subfield>
    <subfield code="9">72</subfield>
  </datafield>
  <datafield tag="651" ind1=" " ind2="4">
    <subfield code="a">M&#xE9;xico</subfield>
    <subfield code="v">Exposiciones</subfield>
    <subfield code="x">Impresiones</subfield>
    <subfield code="9">73</subfield>
  </datafield>
  <datafield tag="710" ind1="2" ind2=" ">
    <subfield code="a">Museo Amparo (Puebla, M&#xE9;xico)</subfield>
    <subfield code="9">74</subfield>
  </datafield>
  <datafield tag="942" ind1=" " ind2=" ">
    <subfield code="2">lcc</subfield>
    <subfield code="c">B</subfield>
  </datafield>
  <datafield tag="999" ind1=" " ind2=" ">
    <subfield code="c">14</subfield>
    <subfield code="d">14</subfield>
  </datafield>
  <datafield tag="952" ind1=" " ind2=" ">
    <subfield code="0">0</subfield>
    <subfield code="1">0</subfield>
    <subfield code="4">0</subfield>
    <subfield code="7">0</subfield>
    <subfield code="a">BRCA</subfield>
    <subfield code="b">BRCA</subfield>
    <subfield code="d">2008-06-24</subfield>
    <subfield code="l">0</subfield>
    <subfield code="o">NE1114 .I47 1995</subfield>
    <subfield code="p">00010_1</subfield>
    <subfield code="r">2019-03-23 00:00:00</subfield>
    <subfield code="w">2019-03-23</subfield>
    <subfield code="y">B</subfield>
  </datafield>
</record>
